000 00285nam a22001097a 4500
008 170126b xxu||||| |||| 00| 0 eng d
020 _a9780827379985
041 _aeng
080 _23RD
_a61
245 _aBASIC CLINICAL LAB COMPETENCIES FOR RESPIRATORY CARE
_cWHITE, C.C
942 _2udc
_cBK
999 _c3763
_d3763